[Event "AUTO-OPEN-4615"]
[Site "http://www.queenalice.com/game.php?id=1863180"]
[Date "2025.9.19"]
[Round "1"]
[White "Fauquinelle"]
[Black "CCapivara"]
[Result "0-1"]
[WhiteElo "1957"]
[BlackElo "2334"]

1. c4 e5 2. g3 d6 3. Bg2 f5 4. Nh3 c6 5. d4 e4 6. O-O Nf6 7. f3 d5 8. cxd5 cxd5
9. Nc3 Nc6 10. Bg5 Be7 11. Nf4 O-O 12. e3 Kh8 13. Bxf6 Bxf6 14. Nfxd5 exf3 15.
Rxf3 Be6 16. Nxf6 Qxf6 17. d5 Rad8 18. e4 Ne5 19. Rf4 Bc8 20. Qc2 g5 21. Rf2 f4
22. Raf1 Qh6 23. Bf3 Bg4 24. Bxg4 Nxg4 25. Rf3 Ne3 26. Qd2 Nxf1 27. Rxf1 fxg3
28. hxg3 Rxf1+ 29. Kxf1 Qh1+ 30. Ke2 Qg2+ 31. Kd1 Qxd2+ 32. Kxd2 Kg7 33. e5 Kg6
34. g4 h5 35. d6 hxg4 36. Ke3 Kf5 37. Kd4 g3 0-1

[Event "AUTO-OPEN-4615"]
[Site "http://www.queenalice.com/game.php?id=1863181"]
[Date "2025.9.19"]
[Round "1"]
[White "CCapivara"]
[Black "Fauquinelle"]
[Result "1-0"]
[WhiteElo "2293"]
[BlackElo "2027"]

1. e4 e5 2. Nf3 Nc6 3. Bb5 Nf6 4. d3 d5 5. exd5 Nxd5 6. Nxe5 Qd6 7. O-O Be6 8.
Re1 Be7 9. Bxc6+ bxc6 10. Nd2 O-O 11. Ndc4 Qc5 12. d4 Qb5 13. a4 Qb7 14. Na5 Qc8
15. Naxc6 Bd6 16. c4 Ne7 17. c5 Nxc6 18. Nxc6 Bd5 19. Nb4 Bxh2+ 20. Kxh2 Bxg2
21. Kxg2 Qb7+ 22. Qf3 Qxb4 23. Qc3 Qb7+ 24. c6 Qc8 25. Bf4 Qg4+ 26. Qg3 1-0

[Event "AUTO-MASTER-3282"]
[Site "http://www.queenalice.com/game.php?id=1863317"]
[Date "2025.9.24"]
[Round "1"]
[White "IranSilva"]
[Black "Fauquinelle"]
[Result "1-0"]
[WhiteElo "2267"]
[BlackElo "1933"]

1. Nf3 d5 2. d4 Nc6 3. Bf4 Bg4 4. Nbd2 e6 5. e3 a6 6. Be2 f5 7. Ne5 Bxe2 8. Qxe2
Nge7 9. O-O Nxe5 10. Bxe5 Nc6 11. f4 Nxe5 12. fxe5 h5 13. c4 g6 14. cxd5 Qxd5
15. Nf3 Bh6 16. Nh4 Kf7 17. b3 Qe4 18. Nf3 Rhd8 19. Rfe1 Rd5 20. Rac1 Rc8 21.
Nd2 Qh4 22. g3 Qd8 23. Nc4 b5 24. Nd2 c5 25. Nf3 g5 26. e4 fxe4 27. Qxe4 Kg7 28.
dxc5 Rc6 29. b4 g4 30. Nh4 Qg5 31. Rcd1 Rxd1 32. Rxd1 Qe3+ 33. Qxe3 Bxe3+ 34.
Kf1 Bxc5 35. bxc5 Rxc5 36. Re1 Kh6 37. Ng2 Rc8 38. Nf4 Rc6 39. Re2 Kg5 40. Rd2
Kf5 41. Rd6 Rc1+ 42. Ke2 Rc2+ 43. Kd3 Rc4 44. Rxa6 1-0

[Event "AUTO-MASTER-3282"]
[Site "http://www.queenalice.com/game.php?id=1863318"]
[Date "2025.9.24"]
[Round "1"]
[White "Fauquinelle"]
[Black "IranSilva"]
[Result "0-1"]
[WhiteElo "1938"]
[BlackElo "2211"]

1. e4 e5 2. Nf3 Nc6 3. Bc4 Nf6 4. Nc3 Bb4 5. d3 d5 6. exd5 Nxd5 7. Bxd5 Qxd5 8.
O-O Bxc3 9. bxc3 Bg4 10. c4 Qd6 11. Qe2 O-O 12. Qe4 f5 13. Qd5+ Qxd5 14. cxd5
Bxf3 15. gxf3 Nd4 16. c4 Nxf3+ 17. Kg2 e4 18. d4 Nxd4 19. Bb2 Nf3 20. Rac1 f4
21. Rc3 Rf5 22. Rxf3 exf3+ 23. Kxf3 Re8 24. Bc1 g5 25. h3 h5 26. Bd2 Kf7 27. Bc3
Rg8 28. Rg1 Rg6 29. a3 Rb6 30. Ke4 Kg6 31. Bb4 a5 32. Bc5 Rb3 33. h4 g4 34. Be7
Rc3 35. Kd4 Rf3 36. Rg2 Rf7 37. Bd8 Rd7 38. Bg5 Rxa3 39. Bxf4 b6 40. Be3 Kf5 41.
Rg3 c5# 0-1

[Event "AUTO-MASTER-3282"]
[Site "http://www.queenalice.com/game.php?id=1863333"]
[Date "2025.9.24"]
[Round "1"]
[White "cerenzo72"]
[Black "Fauquinelle"]
[Result "1-0"]
[WhiteElo "2134"]
[BlackElo "2027"]

1. c4 f5 2. Nf3 Nf6 3. Nc3 e6 4. g3 Be7 5. Bg2 O-O 6. O-O c6 7. d3 d6 8. b4 Bd7
9. Bb2 Be8 10. e3 Nbd7 11. Ne2 Qb6 12. a3 Bh5 13. Nf4 Bf7 14. Ng5 Be8 15. Nfxe6
Rf7 16. Nxf7 Bxf7 17. Ng5 Bg6 18. Ne6 Nf8 19. Bd4 c5 20. bxc5 dxc5 21. Rb1 Qxe6
22. Bxf6 Qxf6 23. Bxb7 Rb8 24. Bd5+ 1-0

[Event "AUTO-MASTER-3282"]
[Site "http://www.queenalice.com/game.php?id=1863334"]
[Date "2025.9.24"]
[Round "1"]
[White "Fauquinelle"]
[Black "cerenzo72"]
[Result "0-1"]
[WhiteElo "1994"]
[BlackElo "2151"]

1. e4 e5 2. Nf3 d6 3. d4 exd4 4. Nxd4 g6 5. Nc3 Bg7 6. Bc4 Nf6 7. Bg5 O-O 8. Qd2
Qe8 9. f3 c6 10. O-O-O b5 11. Ndxb5 cxb5 12. Bxb5 Bd7 13. Bxd7 Nbxd7 14. Qxd6
Rb8 15. b3 Qc8 16. Rd3 Rb6 17. Qf4 Nc5 18. Re3 Ne6 19. Qe5 Ng4 20. Nd5 Nxe5 21.
Ne7+ Kh8 22. Nxc8 Rxc8 23. Be7 Nc6 24. Ba3 Ncd4 25. c4 Nf4 26. g3 Nfe2+ 0-1

[Event "AUTO-ADV-4896"]
[Site "http://www.queenalice.com/game.php?id=1863790"]
[Date "2025.10.4"]
[Round "1"]
[White "Capixabba789"]
[Black "Fauquinelle"]
[Result "1-0"]
[WhiteElo "1853"]
[BlackElo "2005"]

1. d4 d5 2. Nc3 Bf5 3. f4 e6 4. Nf3 Nc6 5. a3 Bd6 6. e3 Nf6 7. Bd3 Ne4 8. O-O
Qf6 9. Ne2 h5 10. Ne5 Qh6 11. Qe1 h4 12. c4 f6 13. Nf3 g5 14. c5 Bf8 15. Bxe4
dxe4 16. fxg5 fxg5 17. Qf2 exf3 18. Qxf3 g4 19. Qf4 O-O-O 20. Nc3 Qg6 21. Nb5
Rd7 22. d5 Nd8 23. Nxa7+ Kb8 24. Nb5 Bxc5 25. b4 Bd6 26. Qd4 b6 27. Qxh8 Kb7 28.
Nxd6+ Rxd6 29. Qxh4 Rxd5 30. Bb2 Nc6 31. Rfd1 Be4 32. Qf6 Qg8 33. Qf4 Qg6 34.
Bc3 e5 35. Qg3 Qe6 36. a4 Bd3 37. b5 Na5 38. Bxe5 Rxe5 39. Rxd3 Nc4 40. Re1 Nd6
41. Rd4 Ne4 42. Qf4 Nf6 43. Rc4 Nd5 44. Qd4 Rxe3 45. Rxe3 Nxe3 46. Qe4+ Qxe4 47.
Rxe4 1-0

[Event "AUTO-ADV-4896"]
[Site "http://www.queenalice.com/game.php?id=1863791"]
[Date "2025.10.4"]
[Round "1"]
[White "Fauquinelle"]
[Black "Capixabba789"]
[Result "1-0"]
[WhiteElo "1947"]
[BlackElo "1920"]

1. d4 d5 2. c4 Nf6 3. Nc3 e6 4. cxd5 exd5 5. Bg5 Be7 6. e3 Nc6 7. a3 O-O 8. Nf3
Bf5 9. Nh4 Be6 10. Bd3 Ng4 11. Bxe7 Qxe7 12. Nf3 f5 13. h3 Nh6 14. O-O f4 15. e4
dxe4 16. Nxe4 Nf5 17. Nc5 Bd5 18. Re1 Qf7 19. Ne5 Nxe5 20. Rxe5 c6 21. Rxf5 Qe7
22. Rxf8+ Rxf8 23. f3 Kh8 24. Qd2 b6 25. Re1 Qd8 26. Ne4 a5 27. Nf2 Qf6 28. Be4
Bxe4 29. Rxe4 a4 30. Ng4 Qf7 31. Ne5 Qf5 32. Nxc6 h6 33. Qb4 b5 34. Re5 1-0

[Event "AUTO-ADV-4896"]
[Site "http://www.queenalice.com/game.php?id=1863810"]
[Date "2025.10.4"]
[Round "1"]
[White "Fauquinelle"]
[Black "mvson33"]
[Result "1-0"]
[WhiteElo "1983"]
[BlackElo "1801"]

1. d4 Nf6 2. Nf3 d5 3. e3 Bg4 4. Nbd2 e6 5. Be2 Be7 6. O-O O-O 7. a3 c5 8. dxc5
Bxc5 9. b4 Bb6 10. Bb2 Nbd7 11. c4 dxc4 12. Nxc4 Bc7 13. h3 Bh5 14. Qc2 Bg6 15.
Bd3 Bxd3 16. Qxd3 Qc8 17. Rac1 Qd8 18. Rfd1 Qe7 19. e4 Rac8 20. e5 Rfd8 21. exf6
Nxf6 22. Qb1 Rxd1+ 23. Rxd1 Bb8 24. Qd3 Qc7 25. Ne3 Qe7 26. Ng4 Bc7 27. Ng5 g6
28. Bxf6 Qe8 29. Nh6+ Kf8 30. Nxh7# 1-0

[Event "AUTO-ADV-4896"]
[Site "http://www.queenalice.com/game.php?id=1863811"]
[Date "2025.10.4"]
[Round "1"]
[White "mvson33"]
[Black "Fauquinelle"]
[Result "0-1"]
[WhiteElo "1851"]
[BlackElo "1967"]

1. e4 c5 2. Nf3 Nc6 3. d3 g6 4. Nc3 Bg7 5. Bd2 d6 6. Be2 Nf6 7. O-O O-O 8. Be3
Bg4 9. Nd5 e6 10. Nxf6+ Qxf6 11. c3 e5 12. Qc2 b5 13. Rad1 h6 14. Bd2 a5 15. Rc1
b4 16. cxb4 axb4 17. Ra1 Nd4 18. Qd1 Nxe2+ 19. Qxe2 Be6 20. a3 bxa3 21. bxa3
Rfb8 22. Bc3 Qd8 23. h3 Rb3 24. Bb2 g5 25. Rfb1 Qb6 26. Ra2 Rxd3 27. Raa1 Bc4
28. Qc2 Qb3 29. Qxb3 Bxb3 30. Kf1 c4 31. Ne1 Rd2 32. Bc3 Rd4 33. Bxd4 exd4 34.
Rc1 d3 35. Nxd3 cxd3 36. Rab1 Rxa3 37. Rc8+ Kh7 38. Rb8 Bc4 39. Ke1 Bc3+ 40. Kd1
d5 41. exd5 Bxd5 42. g3 Bf3+ 43. Kc1 Ra2 0-1

[Event "AUTO-ADV-4870"]
[Site "http://www.queenalice.com/game.php?id=1864352"]
[Date "2025.10.16"]
[Round "2"]
[White "chessman"]
[Black "Fauquinelle"]
[Result "1-0"]
[WhiteElo "2093"]
[BlackElo "1932"]

1. e4 c5 2. Nf3 e6 3. d4 cxd4 4. Nxd4 a6 5. Nc3 d6 6. Be2 Nf6 7. O-O Qc7 8. Bf3
e5 9. Nf5 Be6 10. Ng3 Be7 11. Bg5 O-O 12. Re1 Nc6 13. Nf5 Nd4 14. Nxd4 exd4 15.
Qxd4 Ne8 16. Bxe7 Qxe7 17. Nd5 Qg5 18. Rad1 Bxd5 19. exd5 Nf6 20. c4 Rfe8 21. b3
Re5 22. Rxe5 dxe5 23. Qd2 Qf5 24. d6 e4 25. Be2 Rd8 26. Qd4 Qd7 27. c5 Qc6 28.
Bc4 Kf8 29. b4 Nd7 30. Bd5 1-0

[Event "AUTO-ADV-4870"]
[Site "http://www.queenalice.com/game.php?id=1864353"]
[Date "2025.10.16"]
[Round "2"]
[White "Fauquinelle"]
[Black "chessman"]
[Result "1-0"]
[WhiteElo "1970"]
[BlackElo "2098"]

1. e4 e6 2. Nf3 d5 3. e5 c5 4. d4 Nc6 5. c3 cxd4 6. cxd4 Qb6 7. a3 Nge7 8. Nc3
Nf5 9. Ne2 Be7 10. Rb1 O-O 11. Be3 Nxe3 12. fxe3 1-0

[Event "AUTO-OPEN-4622"]
[Site "http://www.queenalice.com/game.php?id=1865074"]
[Date "2025.11.3"]
[Round "1"]
[White "IranSilva"]
[Black "Fauquinelle"]
[Result "1-0"]
[WhiteElo "2212"]
[BlackElo "1980"]

1. Nf3 c6 2. d4 d5 3. Bf4 e6 4. e3 Bd6 5. Bg3 Nf6 6. Bd3 b6 7. Nbd2 Ba6 8. Bxa6
Nxa6 9. Bxd6 Qxd6 10. O-O O-O-O 11. Ne5 h5 12. Nxf7 Qc7 13. Nxd8 Qxd8 14. a3 1-0

[Event "AUTO-OPEN-4622"]
[Site "http://www.queenalice.com/game.php?id=1865075"]
[Date "2025.11.3"]
[Round "1"]
[White "Fauquinelle"]
[Black "IranSilva"]
[Result "0-1"]
[WhiteElo "1987"]
[BlackElo "2207"]

1. d4 d5 2. c4 c6 3. Nf3 Bf5 4. cxd5 cxd5 5. Bf4 e6 6. a3 Nc6 7. Nc3 Nf6 8. e3
Bd6 9. Bb5 Bxf4 10. exf4 O-O 11. Ne5 Nxe5 12. fxe5 Ne4 13. O-O Nxc3 14. bxc3 Qa5
0-1

[Event "AUTO-ADV-4902"]
[Site "http://www.queenalice.com/game.php?id=1865108"]
[Date "2025.11.3"]
[Round "1"]
[White "maurice916"]
[Black "Fauquinelle"]
[Result "1-0"]
[WhiteElo "1856"]
[BlackElo "1973"]

1. Nf3 d5 2. b3 Bg4 3. Bb2 Nd7 4. e3 e5 5. h3 Bxf3 6. Qxf3 c6 7. d3 Bd6 8. e4 d4
9. c4 a5 10. Qg3 Qf6 11. Nd2 1-0

[Event "AUTO-ADV-4902"]
[Site "http://www.queenalice.com/game.php?id=1865109"]
[Date "2025.11.3"]
[Round "1"]
[White "Fauquinelle"]
[Black "maurice916"]
[Result "1-0"]
[WhiteElo "1930"]
[BlackElo "1841"]

1. d4 d6 2. Nf3 Bg4 3. c4 Nf6 4. Nc3 Nbd7 5. h3 Bh5 6. e4 e5 7. Be2 h6 8. O-O
exd4 9. Nxd4 Bxe2 10. Qxe2 Be7 11. Be3 O-O 12. Nf5 Ne5 13. Rad1 Nh7 14. Nxe7+
Qxe7 15. Nd5 Qd7 16. Qd2 Nxc4 17. Qc3 Nxe3 18. Nxe3 c6 19. Nf5 d5 20. Qxg7# 1-0

[Event "AUTO-MASTER-3287"]
[Site "http://www.queenalice.com/game.php?id=1865161"]
[Date "2025.11.4"]
[Round "1"]
[White "Fauquinelle"]
[Black "Capixaba789"]
[Result "0-1"]
[WhiteElo "1952"]
[BlackElo "1845"]

1. d4 d5 2. c4 Nf6 3. Nc3 e6 4. cxd5 exd5 5. Bg5 Be7 6. g3 Nc6 7. Bg2 Be6 8. Nf3
O-O 9. h4 Ne4 10. Bxe7 Qxe7 0-1